[Event "Lichtenberger Sommer 2024"]
[Site "Berlin"]
[Date "2024.08.16"]
[Round "7.73"]
[White "Zussner, Tim"]
[Black "Schmitz, Christopher"]
[Result "0-1"]
[WhiteElo "1679"]
[BlackElo "1817"]
[PlyCount "74"]
[EventDate "2024.08.10"]
[WhiteTeam "SV Empor Berlin e.V."]
[BlackTeam "TSG Oberschöneweide e.V."]

1. d4 e6 2. c4 Bb4+ 3. Bd2 a5 4. a3 Bxd2+ 5. Qxd2 f5 6. e3 Nf6 7. Ne2 b6 8. Nf4
O-O 9. Be2 Bb7 10. f3 Qe8 11. Nd3 d6 12. Bd1 Nbd7 13. Nc3 Rd8 14. Nb5 Rc8 15.
b4 a4 16. Nb2 Qe7 17. Nxa4 c6 18. Nbc3 e5 19. d5 cxd5 20. cxd5 e4 21. f4 Ng4
22. Bxg4 Qh4+ 23. Kf1 fxg4 24. g3 Qf6 25. Rc1 Qf5 26. Kf2 Ne5 27. Nb2 Nf3 28.
Qd1 h5 29. Ne2 Rxc1 30. Nxc1 Rc8 31. Nb3 Qxd5 32. Qxd5+ Bxd5 33. Na1 b5 34. Ke2
Bb3 35. Nxb3 Rc2+ 36. Kd1 Rxb2 37. Nd4 Rb1+ 0-1

[Event "Lichtenberger Sommer 2024"]
[Site "Berlin"]
[Date "2024.08.16"]
[Round "7.74"]
[White "Wahner, Eberhard"]
[Black "Bunkens, Rudi"]
[Result "1/2-1/2"]
[WhiteElo "1775"]
[BlackElo "1739"]
[PlyCount "74"]
[EventDate "2024.08.10"]
[WhiteTeam "SC Eintracht Berlin e.V."]
[BlackTeam "Koninklijke Gentse SK"]

1. c4 g6 2. g3 Bg7 3. Bg2 d6 4. Nc3 e5 5. d3 Ne7 6. e3 O-O 7. Nge2 c6 8. O-O f5
9. f4 Be6 10. Bd2 Nd7 11. Rb1 d5 12. cxd5 Nxd5 13. a3 N7b6 14. Nxd5 Nxd5 15.
Qc2 Qb6 16. Qc1 exf4 17. Nxf4 Nxf4 18. gxf4 Rad8 19. d4 Qb5 20. b4 Bd5 21. Rf2
Qc4 22. Qe1 Bxg2 23. Rxg2 Rfe8 24. Qg3 Qa2 25. Re1 Qxa3 26. Kh1 Qb3 27. h4 Rd6
28. h5 Qf7 29. Qh3 Qd5 30. Kh2 Kf7 31. Reg1 Rh8 32. Kg3 Ke7 33. Kf2 Qf7 34. Qf3
Kd7 35. b5 Qd5 36. bxc6+ Qxc6 37. Qe2 Qa6 1/2-1/2

[Event "Lichtenberger Sommer 2024"]
[Site "Berlin"]
[Date "2024.08.16"]
[Round "7.75"]
[White "Kaplan, Arne"]
[Black "Vaz da Cruz, Vinicius"]
[Result "1/2-1/2"]
[WhiteElo "1687"]
[BlackElo "1768"]
[PlyCount "65"]
[EventDate "2024.08.10"]
[WhiteTeam "Barnimer SF im SV Sta"]
[BlackTeam "SSV Rotation Berlin e.V."]

1. e4 e5 2. Nf3 Nc6 3. Bc4 Nf6 4. Ng5 d5 5. exd5 Na5 6. Bb5+ c6 7. dxc6 bxc6 8.
Qf3 Be7 9. Bd3 O-O 10. O-O h6 11. Ne4 Nd5 12. Ng3 Nf4 13. Nf5 Bc5 14. Re1 Nxd3
15. cxd3 Qf6 16. Ng3 Qxf3 17. gxf3 Bd4 18. Nc3 Ba6 19. b4 Nb7 20. Nf5 Rae8 21.
Bb2 Bb6 22. Ne4 Re6 23. Rac1 Bxd3 24. Rxc6 Rxc6 25. Ne7+ Kh7 26. Nxc6 f6 27.
Ne7 Rd8 28. Bc3 Rd7 29. Nf5 Kg6 30. Nfg3 Bd4 31. Rc1 Rc7 32. Rd1 f5 33. Bxd4
1/2-1/2

[Event "Lichtenberger Sommer 2024"]
[Site "Berlin"]
[Date "2024.08.16"]
[Round "7.76"]
[White "Pöltelt, Helmut"]
[Black "Luetzenberg, Fabian"]
[Result "1-0"]
[WhiteElo "1764"]
[BlackElo "1680"]
[PlyCount "45"]
[EventDate "2024.08.10"]
[WhiteTeam "SC Eintracht Berlin e.V."]
[BlackTeam "vereinslos"]

1. e4 g6 2. d4 Bg7 3. Nf3 d6 4. Bc4 Nf6 5. Nbd2 O-O 6. O-O Nbd7 7. c3 e5 8. Qb3
Qe7 9. Re1 Nb6 10. Bd3 Nh5 11. dxe5 dxe5 12. Nf1 Bg4 13. N3d2 Nf4 14. Bb1 Qg5
15. Ng3 Be6 16. Qc2 f5 17. Nf3 Qg4 18. Bxf4 exf4 19. h3 Qxf3 20. gxf3 fxg3 21.
fxg3 fxe4 22. fxe4 Bxh3 23. Qh2 1-0

[Event "Lichtenberger Sommer 2024"]
[Site "Berlin"]
[Date "2024.08.16"]
[Round "7.77"]
[White "Liu, Peilin"]
[Black "Lippianowski, Stefan"]
[Result "1-0"]
[WhiteElo "1608"]
[BlackElo "1427"]
[PlyCount "69"]
[EventDate "2024.08.10"]
[WhiteTeam "SVG Saarbrücken 1970 e.V."]
[BlackTeam "SV Mattnetz Berlin e.V."]

1. d4 d5 2. Bf4 Bf5 3. c4 Nf6 4. Nc3 Nc6 5. e3 Be4 6. Nf3 a6 7. Be2 dxc4 8.
Nxe4 Nxe4 9. Bxc4 e6 10. Qb3 Bb4+ 11. Ke2 Nd2 12. Nxd2 Bxd2 13. Qxb7 Na5 14.
Qxc7 O-O 15. Kxd2 Qxc7 16. Bxc7 Nxc4+ 17. Kc3 Rac8 18. Kxc4 Rxc7+ 19. Kd3 Rfc8
20. Rhd1 Rc2 21. Rd2 R2c7 22. Rb1 Rd8 23. Rc2 Rcd7 24. Rbc1 e5 25. Rc8 exd4 26.
Rxd8+ Rxd8 27. exd4 g6 28. Rc6 Ra8 29. d5 Kf8 30. Kd4 Ke8 31. Kc5 a5 32. d6 Kd7
33. Rc7+ Ke6 34. d7 Ke7 35. Rc8 1-0

[Event "Lichtenberger Sommer 2024"]
[Site "Berlin"]
[Date "2024.08.16"]
[Round "7.78"]
[White "Aisch, Julian"]
[Black "Ollek, Karl-Heinz"]
[Result "1-0"]
[WhiteElo "1622"]
[BlackElo "1763"]
[PlyCount "48"]
[EventDate "2024.08.10"]
[WhiteTeam "SF Nordost Berlin"]
[BlackTeam "SC Friesen Lichtenberg e.V."]

1. d4 f5 2. g3 Nf6 3. Bg2 d5 4. c4 c6 5. b3 g6 6. Nh3 Bg7 7. O-O O-O 8. Bb2 Na6
9. Nc3 Rb8 10. cxd5 cxd5 11. Rc1 b5 12. Nf4 e6 13. Nd3 Nd7 14. e3 Nc7 15. Ba3
Re8 16. Bd6 a6 17. Bxc7 Qxc7 18. Nxd5 Qd6 19. N5b4 Rb6 20. Nc5 Nb8 21. Rc2 a5
22. Nbd3 Bd7 23. Qd2 Nc6 24. Rfc1 Re7 1-0

[Event "Lichtenberger Sommer 2024"]
[Site "Berlin"]
[Date "2024.08.16"]
[Round "7.79"]
[White "Goldmann, Nils"]
[Black "Mannaberg, Steffen"]
[Result "1-0"]
[WhiteElo "1611"]
[BlackElo "1756"]
[PlyCount "75"]
[EventDate "2024.08.10"]
[WhiteTeam "vereinslos"]
[BlackTeam "vereinslos"]

1. e4 e5 2. Nf3 d6 3. d4 Nd7 4. dxe5 dxe5 5. Bc4 c6 6. Ng5 Nh6 7. f4 Bb4+ 8. c3
Be7 9. O-O exf4 10. h4 Qb6+ 11. Kh1 Ne5 12. Bb3 Nhg4 13. Qe2 Bxg5 14. hxg5 h6
15. g6 Nxg6 16. Bxf4 O-O 17. Bd6 Qd8 18. Bg3 N6e5 19. Nd2 a5 20. a4 b6 21. Rad1
Ba6 22. c4 Qd3 23. Qxd3 Nxd3 24. Rf3 Nge5 25. Rf5 g6 26. Rxe5 Nxe5 27. Bxe5 Ra7
28. Bf6 Rd7 29. Kg1 Rb8 30. Kf2 b5 31. cxb5 cxb5 32. axb5 Bxb5 33. Bd5 Rb6 34.
Bc3 Ra6 35. Ke3 Kh7 36. Nb3 Ba4 37. Ra1 Bxb3 38. Bxb3 1-0

[Event "Lichtenberger Sommer 2024"]
[Site "Berlin"]
[Date "2024.08.16"]
[Round "7.80"]
[White "Romanotto, Leonardo"]
[Black "Schacht, Thomas"]
[Result "1-0"]
[WhiteElo "1499"]
[BlackElo "1704"]
[PlyCount "113"]
[EventDate "2024.08.10"]
[WhiteTeam "SV Mattnetz Berlin e.V."]
[BlackTeam "BSV 63 Chemie Weißensee"]

1. e4 c5 2. Nf3 e6 3. g3 a6 4. d3 b5 5. Bf4 Nc6 6. Nbd2 Bb7 7. Bg2 d5 8. exd5
Qxd5 9. O-O Qd8 10. Re1 Bd6 11. Bxd6 Qxd6 12. Ne4 Qe7 13. a4 b4 14. Nfd2 Nf6
15. Nc4 O-O 16. Ned6 Nd8 17. Nxb7 Nxb7 18. Nb6 Rad8 19. Qf3 Qc7 20. Qxb7 Qxb7
21. Bxb7 Rb8 22. Bxa6 Rxb6 23. Bc4 Rd8 24. a5 Rb7 25. a6 Ra7 26. Ra5 Rc8 27.
Rxe6 Kf8 28. Rb6 Rcc7 29. Rb8+ Ke7 30. Rh8 h6 31. Ra1 Kd6 32. Bb5 Re7 33. Kf1
Nd5 34. Rd8+ Ke5 35. f4+ Kd4 36. c3+ bxc3 37. bxc3+ Kxc3 38. Rxd5 Kb4 39. Bc4
Rec7 40. Rb1+ Ka5 41. Rb8 Rc6 42. Rb5+ Kxa6 43. Rbxc5+ Kb6 44. Rb5+ Kc7 45.
Rbc5 Kb6 46. Rxc6+ Kxc6 47. h4 f6 48. Kf2 Rd7 49. Rxd7 Kxd7 50. Kf3 Kd6 51. h5
Kc5 52. Kg4 Kd4 53. Kf5 Ke3 54. Kg6 Kf3 55. Kxg7 Kxg3 56. Kxh6 Kxf4 57. Kg6 1-0

[Event "Lichtenberger Sommer 2024"]
[Site "Berlin"]
[Date "2024.08.16"]
[Round "7.81"]
[White "Bastian, Reinhard"]
[Black "Koerber, Bernhard"]
[Result "1-0"]
[WhiteElo "1803"]
[BlackElo "1662"]
[PlyCount "73"]
[EventDate "2024.08.10"]
[WhiteTeam "vereinslos"]
[BlackTeam "SG Lasker Steglitz"]

1. e4 e6 2. d4 d5 3. e5 c5 4. c3 Nc6 5. Nf3 Qb6 6. a3 Nge7 7. b4 cxd4 8. cxd4
Nf5 9. Bb2 Be7 10. Bd3 O-O 11. Bxf5 exf5 12. O-O f6 13. Nc3 fxe5 14. Nxd5 Qd8
15. Nxe7+ Qxe7 16. dxe5 Be6 17. Qe2 Rad8 18. Rad1 Rxd1 19. Rxd1 Rd8 20. Rxd8+
Qxd8 21. Qd2 Qxd2 22. Nxd2 b5 23. Kf1 g5 24. Ke2 Kg7 25. f4 g4 26. Ke3 h5 27.
Bd4 a6 28. Bc5 Kf7 29. Nb1 Ke8 30. Nc3 Kd7 31. a4 bxa4 32. Nxa4 Bb3 33. Nc3 Bc4
34. Bd6 Kc8 35. Ne2 h4 36. Nd4 Bd5 37. Nxf5 1-0

[Event "Lichtenberger Sommer 2024"]
[Site "Berlin"]
[Date "2024.08.16"]
[Round "7.82"]
[White "Buehring, Stefan"]
[Black "Majewski, Nico"]
[Result "1-0"]
[WhiteElo "1780"]
[BlackElo "1623"]
[PlyCount "45"]
[EventDate "2024.08.10"]
[WhiteTeam "vereinslos"]
[BlackTeam "ESV Lok Falkenberg e.V."]

1. d4 c6 2. Nf3 Nf6 3. Bf4 d5 4. e3 Bf5 5. c4 e6 6. Qb3 Qb6 7. c5 Qxb3 8. axb3
Nbd7 9. h3 Be7 10. Nc3 O-O 11. b4 b6 12. Ba6 Rab8 13. Bxb8 Rxb8 14. Be2 bxc5
15. bxc5 Rxb2 16. Na4 Rb4 17. O-O Kf8 18. Nc3 Rb3 19. Rfc1 Ne4 20. Nxe4 Bxe4
21. Rxa7 Nf6 22. Ra8+ Ne8 23. Nd2 1-0

[Event "Lichtenberger Sommer 2024"]
[Site "Berlin"]
[Date "2024.08.16"]
[Round "7.83"]
[White "Giehl, Juergen"]
[Black "Ahmadov, Ahmad"]
[Result "0-1"]
[WhiteElo "1728"]
[BlackElo "1620"]
[PlyCount "45"]
[EventDate "2024.08.10"]
[WhiteTeam "SV Multatuli Ingelheim e.V."]
[BlackTeam "SV Empor Berlin e.V."]

1. d4 Nf6 2. c4 e6 3. Nf3 Bb4+ 4. Bd2 Be7 5. Nc3 b6 6. g3 Ba6 7. b3 d5 8. cxd5
Nxd5 9. Bg2 O-O 10. O-O Bf6 11. Re1 Nd7 12. Rc1 c5 13. Nxd5 exd5 14. dxc5 Nxc5
15. Bb4 Rc8 16. Nd4 g6 17. Rc3 Re8 18. e3 Ne4 19. Rxc8 Qxc8 20. Qa1 Re6 21. Bh3
Bxd4 22. Qxd4 Ng5 23. Bc3 0-1

[Event "Lichtenberger Sommer 2024"]
[Site "Berlin"]
[Date "2024.08.16"]
[Round "7.84"]
[White "Abobreik, Salem"]
[Black "Schmidt, Reinhard"]
[Result "1/2-1/2"]
[WhiteElo "1725"]
[BlackElo "1574"]
[PlyCount "117"]
[EventDate "2024.08.10"]
[WhiteTeam "Spandauer SV e.V."]
[BlackTeam "SK Zehlendorf e.V."]

1. d4 d5 2. c4 c6 3. cxd5 cxd5 4. Nf3 Nc6 5. Nc3 e6 6. Bf4 Nf6 7. e3 Nh5 8. Bg3
Bb4 9. Ne5 Nxg3 10. Nxc6 bxc6 11. hxg3 Qa5 12. Qc2 Rb8 13. a3 Bxc3+ 14. Qxc3
Qxc3+ 15. bxc3 Rb3 16. c4 O-O 17. c5 Re8 18. Be2 e5 19. dxe5 Rxe5 20. O-O Bf5
21. Rfd1 Rc3 22. Rdc1 Rxc1+ 23. Rxc1 h6 24. a4 d4 25. Bf3 d3 26. Kf1 Bc8 27.
Ke1 Ba6 28. Kd2 Re6 29. Bg4 Rf6 30. f4 Rg6 31. Bf3 Rxg3 32. Bxc6 f5 33. Bd5+
Kf8 34. Bc4 Bb7 35. Kxd3 Rxg2 36. Be6 Be4+ 37. Kc4 Bc6 38. Bd5 Bxd5+ 39. Kxd5
Rd2+ 40. Kc6 Ke7 41. Rb1 g5 42. fxg5 hxg5 43. Rb7+ Kf6 44. Rxa7 g4 45. Rh7 Kg6
46. Rh1 g3 47. Rg1 Kf6 48. Rxg3 Rd3 49. Rf3 Ra3 50. Kb5 Ke5 51. Kb4 Ra1 52. Rf2
Ke4 53. Rc2 Kxe3 54. Kb3 f4 55. c6 Rb1+ 56. Kc4 f3 57. c7 f2 58. Rxf2 Rc1+ 59.
Kd5 1/2-1/2

[Event "Lichtenberger Sommer 2024"]
[Site "Berlin"]
[Date "2024.08.16"]
[Round "7.85"]
[White "Zesewitz, Uwe"]
[Black "Lippert, Marc"]
[Result "1-0"]
[WhiteElo "1629"]
[BlackElo "1450"]
[PlyCount "109"]
[EventDate "2024.08.10"]
[WhiteTeam "SV SF Friedrichshagen"]
[BlackTeam "SVG Läufer Reinickendorf e.V."]

1. f4 Nf6 2. Nf3 g6 3. e3 Bg7 4. Be2 O-O 5. d3 d5 6. O-O c5 7. Qe1 Nc6 8. Nbd2
Bf5 9. Ne5 Rc8 10. Ndf3 d4 11. e4 Ng4 12. exf5 Ngxe5 13. Nxe5 Nxe5 14. fxe5
Bxe5 15. Bf4 Bg7 16. Bg4 Rc6 17. Qg3 Qb6 18. b3 h5 19. Bf3 Rcc8 20. Rae1 Bf6
21. Bxh5 Kg7 22. Be5 Bxe5 23. Rxe5 Qd6 24. fxg6 f6 25. Ree1 Qxg3 26. hxg3 Rce8
27. a3 e5 28. Bf3 b5 29. Be4 Rh8 30. g4 Rh4 31. Bf5 Rhh8 32. Rf3 a5 33. Rh3 b4
34. a4 Rh6 35. Kf2 Reh8 36. Reh1 Rxh3 37. Rxh3 Rxh3 38. gxh3 Kh6 39. Kf3 Kg7
40. Ke4 Kf8 41. Kd5 Kg7 42. h4 Kh6 43. Kxc5 e4 44. Bxe4 f5 45. Bxf5 Kg7 46.
Kxd4 Kf6 47. Kd5 Ke7 48. Ke5 Kf8 49. d4 Ke7 50. g5 Kf8 51. h5 Kg7 52. h6+ Kh8
53. Kf6 Kg8 54. h7+ Kh8 55. g7# 1-0

[Event "Lichtenberger Sommer 2024"]
[Site "Berlin"]
[Date "2024.08.16"]
[Round "7.86"]
[White "Müller, Leon"]
[Black "Kopbauer, René"]
[Result "1-0"]
[WhiteElo "1550"]
[BlackElo "1832"]
[PlyCount "73"]
[EventDate "2024.08.10"]
[WhiteTeam "SV Mattnetz Berlin e.V."]
[BlackTeam "TSG Oberschöneweide e.V."]

1. d4 d5 2. Nf3 Nf6 3. Bf4 Bg4 4. e3 e6 5. Be2 Bd6 6. Bg3 Nc6 7. Nbd2 Qe7 8.
Ne5 Bxe2 9. Qxe2 Nd7 10. Nxc6 bxc6 11. e4 dxe4 12. Nxe4 O-O 13. Nxd6 cxd6 14.
O-O d5 15. c4 Rfe8 16. cxd5 cxd5 17. a3 e5 18. Rfe1 f6 19. Qd3 Qd6 20. Re2 Re7
21. Rc1 Rae8 22. f3 Re6 23. Be1 e4 24. fxe4 dxe4 25. Qe3 Nb6 26. Bb4 Qd7 27.
Rc5 Nd5 28. Qb3 Nf4 29. Rxe4 Nd3 30. Rxe6 Qxd4+ 31. Re3+ Kh8 32. Qxd3 Qd8 33.
Qxd8 Rxd8 34. Rd5 Rc8 35. Red3 Rc1+ 36. Rd1 Rxd1+ 37. Rxd1 1-0

[Event "Lichtenberger Sommer 2024"]
[Site "Berlin"]
[Date "2024.08.16"]
[Round "7.87"]
[White "Küster, Finn"]
[Black "Dittrich, Hans-Jürgen"]
[Result "1-0"]
[WhiteElo "1679"]
[BlackElo "1573"]
[PlyCount "51"]
[EventDate "2024.08.10"]
[WhiteTeam "Spandauer SV e.V."]
[BlackTeam "SC Eintracht Berlin e.V."]

1. Nf3 g6 2. c4 Bg7 3. d4 d6 4. Nc3 e6 5. e4 c5 6. Be2 Nc6 7. Be3 Bh6 8. O-O
Bxe3 9. fxe3 Nf6 10. dxc5 dxc5 11. Qxd8+ Nxd8 12. Rad1 O-O 13. Ne5 Kg7 14. g4
Nc6 15. Nxc6 bxc6 16. Rd2 e5 17. h3 Ng8 18. Na4 f5 19. exf5 gxf5 20. Nxc5 Ne7
21. gxf5 Bxf5 22. Bg4 Rf6 23. Bxf5 Rxf5 24. Rxf5 Nxf5 25. Kf2 Rf8 26. Ne6+ 1-0